000 00606cam a22002293a 4500
001 20512
003 PGUSA
005 20140828083432.0
008 070203s2007||||xxu|||||s|||||000 | eng d
040 _aPGUSA
_beng
042 _adc
050 4 _aPR
100 1 _aGlyn, Elinor,
_d1864-1943
245 1 0 _aMan and Maid
_h[electronic resource] /
_cElinor Glyn
260 _bProject Gutenberg,
_c2007
506 _aPublic domain in the USA.
516 _aElectronic text
653 _aLove stories
830 0 _aProject Gutenberg
_v20512
856 4 0 _uhttp://www.gutenberg.org/ebooks/20512
942 _cEB
999 _c249767
_d249767